000 00640nam a2200217Ia 4500
008 160517s9999 xx 000 0 und d
050 _aQA 76.5
050 _b.B217 2016
100 _aBanitak, Esaly C.
245 _aSouthville international school and colleges online mentoring management system college division /
245 _cEsaly C. Banitak.
260 _aLas PiƱas, Philippines :
260 _bSISC,
260 _c2016.
300 _a126 pages :
300 _billustrations ;
300 _c28 cm.
500 _aIncludes bibliographical references and appendices.
521 _aInformation Technology
942 _cTH
999 _c293958
_d293958